College Quizbowl Stats
College Quizbowl Stats
Circuits
Seasons
Sets
Records
Detailed Stats
About
Loading...
2024 Penn Bowl Texas
Tossups
Bonuses
Players
Teams
Categories (Tossup)
Categories (Bonus)
Parker Knudson
Texas B
Categories
Category
Powers
Gets
Negs
BBs
Points
Earliest Buzz
Avg. Buzz
First Buzzes
Top 3 Buzzes
Current Events
1
0
0
0
15
37
37.00
1
1
Science - Biology
0
1
0
0
10
70
70.00
1
1
Science - Chemistry
0
1
0
1
10
122
122.00
1
1
Mythology
0
0
0
0
0
0.00
0
0
Science - Physics
0
0
2
0
-10
0.00
0
0
Buzzes
Category
Answer
Value
Buzz Position
Current Events
Nvidia Corporation
15
37
Science - Biology
micturition
10
70
Science - Physics
fermions
-5
93
Science - Physics
impulse
-5
97
Science - Chemistry
electrodes
10
122
Mythology
Artemis
0
126
Previous
1
Next